El sistema de información contable de los hoteles en cartagena / (Registro nro. 5757)

Detalles MARC
000 -LEADER
fixed length control field 01365nam a2200205 4500
005 - DATE AND TIME OF LATEST TRANSACTION
control field 20250329165505.0
008 - FIXED-LENGTH DATA ELEMENTS--GENERAL INFORMATION
fixed length control field 190415s2019 000 0 eng d
040 ## - CATALOGING SOURCE
Original cataloging agency CO-CtgCURN
Language of cataloging spa
Transcribing agency coctgcurn
082 0# - DEWEY DECIMAL CLASSIFICATION NUMBER
Classification number TCS 2019
Item number H433
100 1# - MAIN ENTRY--PERSONAL NAME
Personal name Herrera Diaz, Javier David.
245 13 - TITLE STATEMENT
Title El sistema de información contable de los hoteles en cartagena /
Statement of responsibility, etc. Javier David Herrera Diaz.
260 ## - PUBLICATION, DISTRIBUTION, ETC.
Place of publication, distribution, etc. Cartagena de Indias :
Name of publisher, distributor, etc. Corporación Universitaria Rafael Nuñez,
Date of publication, distribution, etc. 2019.
504 ## - BIBLIOGRAPHY, ETC. NOTE
Bibliography, etc. note Trabajo de grado (Contabilidad sistematizada).Corporación Universitaria Rafael Nuñez. Facultad de Ciencias contables y administrativas.contabilidad Sistematizada.2019.
520 ## - SUMMARY, ETC.
Summary, etc. En el presente ensayo se describe el sistema de información contable de los hoteles en Cartagena. Partiendo de identificar elementos de Contabilidad como sistema de información, para indicar el sistema contable de los hoteles, el marco de este trabajo es referir como aplica este sistema.
650 #0 - SUBJECT ADDED ENTRY--TOPICAL TERM
Topical term or geographic name entry element Contabilidad sistematizada
Form subdivision Tesis y disertaciones academicas.
700 1# - ADDED ENTRY--PERSONAL NAME
Personal name Guerrero Miguel.
-- Asesor.
856 ## - ELECTRONIC LOCATION AND ACCESS
Uniform Resource Identifier <a href="https://unicurn.sharepoint.com/:b:/s/biblioteca/EbYJSZXV3JZKqqccEqEqRWYBg9nXfGlxk0l_0vPtm5OegA?e=dzj4Us">https://unicurn.sharepoint.com/:b:/s/biblioteca/EbYJSZXV3JZKqqccEqEqRWYBg9nXfGlxk0l_0vPtm5OegA?e=dzj4Us</a>
Public note Click aqui para ver el recurso en texto completo
942 ## - ADDED ENTRY ELEMENTS (KOHA)
Source of classification or shelving scheme Dewey Decimal Classification
Koha item type Trabajos de grado
-- Trabajos de grado
Classification part TCS 2019
Item part H433
Existencias
Withdrawn status Lost status Source of classification or shelving scheme Damaged status Not for loan Collection Home library Current library Shelving location Date acquired Source of acquisition Cost, normal purchase price Inventory number Total checkouts Full call number Barcode Date last seen Price effective from Koha item type
    Dewey Decimal Classification     Trabajos de grado Miguel Henríquez Castañeda Miguel Henríquez Castañeda Trabajo de grado 06/01/2019 El autor 350000.00 022560   TCS 2019 H433 022560 04/15/2019 04/15/2019 Trabajos de grado